<?xml version="1.0" encoding="UTF-8"?>
<record
    xmlns:xsi="http://www.w3.org/2001/XMLSchema-instance"
    xsi:schemaLocation="http://www.loc.gov/MARC21/slim http://www.loc.gov/standards/marcxml/schema/MARC21slim.xsd"
    xmlns="http://www.loc.gov/MARC21/slim">

  <leader>00690nam a22001577a 4500</leader>
  <controlfield tag="003">OSt</controlfield>
  <controlfield tag="005">20151203100006.0</controlfield>
  <controlfield tag="008">151203b        xxu||||| |||| 00| 0 eng d</controlfield>
  <datafield tag="040" ind1=" " ind2=" ">
    <subfield code="c">RUA</subfield>
  </datafield>
  <datafield tag="082" ind1=" " ind2=" ">
    <subfield code="a">FIS KEO 2004 B176 Or.1</subfield>
  </datafield>
  <datafield tag="100" ind1=" " ind2=" ">
    <subfield code="9">4191</subfield>
    <subfield code="a">KEO, PISETH.</subfield>
  </datafield>
  <datafield tag="245" ind1=" " ind2=" ">
    <subfield code="a">community members' perception on fisheries resources exploitation in preah sihanoouk (ream) national park (&#x1785;&#x17C6;&#x178E;&#x17C1;&#x17C7;&#x178A;&#x17B9;&#x1784;&#x179A;&#x1794;&#x179F;&#x17CB;&#x1794;&#x17D2;&#x179A;&#x1787;&#x17B6;&#x179F;&#x17D2;&#x17A1;&#x17BB;&#x17C6;&#x1798;&#x17CD;&#x179B;&#x17BE;&#x1780;&#x17B6;&#x179A;&#x178A;&#x1780;&#x17A0;&#x17BC;&#x178F;&#x1792;&#x1793;&#x1792;&#x17B6;&#x1793;&#x1787;&#x179B;&#x1795;&#x179B;&#x1793;&#x17C5;&#x1780;&#x17D2;&#x1793;&#x17BB;&#x1784;&#x17A7;&#x1791;&#x17D2;&#x1799;&#x17B6;&#x1793;&#x1787;&#x17B6;&#x178F;&#x17B7;&#x1796;&#x17D2;&#x179A;&#x17C7;&#x179F;&#x17B8;&#x17A0;&#x1793;&#x17BB; (&#x179A;&#x17B6;&#x1798;))</subfield>
  </datafield>
  <datafield tag="260" ind1=" " ind2=" ">
    <subfield code="a">Phnom Penh</subfield>
    <subfield code="b">RUA</subfield>
    <subfield code="c">2004</subfield>
  </datafield>
  <datafield tag="300" ind1=" " ind2=" ">
    <subfield code="a">ix, 51p.</subfield>
    <subfield code="b">ill.</subfield>
    <subfield code="c">29cm.</subfield>
  </datafield>
  <datafield tag="942" ind1=" " ind2=" ">
    <subfield code="2">ddc</subfield>
    <subfield code="c">FIS</subfield>
  </datafield>
  <datafield tag="999" ind1=" " ind2=" ">
    <subfield code="c">3905</subfield>
    <subfield code="d">3905</subfield>
  </datafield>
  <datafield tag="952" ind1=" " ind2=" ">
    <subfield code="0">0</subfield>
    <subfield code="1">0</subfield>
    <subfield code="2">ddc</subfield>
    <subfield code="4">0</subfield>
    <subfield code="6">FIS_KEO_2004_000000000000000_B176_OR_1</subfield>
    <subfield code="7">0</subfield>
    <subfield code="9">19672</subfield>
    <subfield code="a">LBB</subfield>
    <subfield code="b">LBB</subfield>
    <subfield code="c">B176</subfield>
    <subfield code="d">2015-12-03</subfield>
    <subfield code="o">FIS KEO 2004 B176 Or.1</subfield>
    <subfield code="p">RUA026887</subfield>
    <subfield code="r">2015-12-03</subfield>
    <subfield code="w">2015-12-03</subfield>
    <subfield code="y">FIS</subfield>
  </datafield>
  <datafield tag="952" ind1=" " ind2=" ">
    <subfield code="0">0</subfield>
    <subfield code="1">0</subfield>
    <subfield code="2">ddc</subfield>
    <subfield code="4">0</subfield>
    <subfield code="6">FIS_KEO_2004_000000000000000_B176_OR_2</subfield>
    <subfield code="7">0</subfield>
    <subfield code="9">19673</subfield>
    <subfield code="a">LBB</subfield>
    <subfield code="b">LBB</subfield>
    <subfield code="c">B176</subfield>
    <subfield code="d">2015-12-03</subfield>
    <subfield code="o">FIS KEO 2004 B176 Or.2</subfield>
    <subfield code="p">RUA026533</subfield>
    <subfield code="r">2015-12-03</subfield>
    <subfield code="w">2015-12-03</subfield>
    <subfield code="y">FIS</subfield>
  </datafield>
  <datafield tag="952" ind1=" " ind2=" ">
    <subfield code="0">0</subfield>
    <subfield code="1">0</subfield>
    <subfield code="2">ddc</subfield>
    <subfield code="4">0</subfield>
    <subfield code="6">FIS_KEO_2004_000000000000000_B176_OR_3</subfield>
    <subfield code="7">0</subfield>
    <subfield code="9">19674</subfield>
    <subfield code="a">LBB</subfield>
    <subfield code="b">LBB</subfield>
    <subfield code="c">B176</subfield>
    <subfield code="d">2015-12-03</subfield>
    <subfield code="o">FIS KEO 2004 B176 Or.3</subfield>
    <subfield code="p">RUA026525</subfield>
    <subfield code="r">2015-12-03</subfield>
    <subfield code="w">2015-12-03</subfield>
    <subfield code="y">FIS</subfield>
  </datafield>
</record>
